000 01151nam a22003617a 4500
001 BR7803796
003 BR-BrBNA
005 20230928085625.0
007 ta
008 230509b bl.||||| |||| 00| 0 por d
040 _aBR-BrBNA
_bpor
_cBiblioteca Nacional de Agricultura
041 _a(Por)
072 _aP12
_b3801
_b/G514
090 _ 3801 BR7803796
100 1 _aBeltrame, L.F. de S.
100 1 _aCauduro, F.A.
111 1 _a4. Congresso Nacional de Irrigacao e Drenagem
_cSalvador, BA (Brazil)
_d11 Sep 1978
245 1 _aPerdas de nutrientes (N-K-Ca-Mg)por lixiviacao em sistema de drenagem subterranea [Nutriente mineral; Nitrogenio; Potassio; Calcio; Magnesio; Rio Grande do Sul; Brasil]
_bParte de dissertacao
260 3 _aSalvador, BA (Brasil):
_c1978.
300 _a32 p.
500 _a5 illus.; 14 ref.; Summaries (Eng, Por)
650 _aDrenagem
650 _aIrrigacao
650 _aNutriente mineral
650 _aNitrogenio
650 _aPotassio
650 _aCalcio
650 _aMagnesio
650 _aLixiviacao
650 _aRio Grande do Sul
909 _a202309
_bLucia
_c55
_dLucia Elande
942 _cBK
999 _c25442
_d25442